90 lần nhật nguyệt

Spremljeno u:
Bibliografski detalji
Glavni autor: Đỗ Trọng Khơi
Format: Knjiga
Izdano: H. Văn học 2004
Teme:
Oznake: Dodaj oznaku
Bez oznaka, Budi prvi tko označuje ovaj zapis!
Thư viện lưu trữ: Trung tâm Học liệu Lê Vũ Hùng, Trường Đại học Đồng Tháp
LEADER 00768pam a22002418a 4500
001 00019184
005 20171026081022.0
008 110505s2004 ||||||Viesd
041 0 # |a Vie 
082 1 4 |a 895.922 134  |b CH311M 
100 0 # |a Đỗ Trọng Khơi 
245 0 0 |a 90 lần nhật nguyệt  |c Đỗ Trọng Khơi 
260 # # |a H.  |b Văn học  |c 2004 
300 # # |a 158 tr.  |c 19 cm. 
500 # # |a Sách nhà nước đặt hàng 
650 # 4 |a Thơ 
650 # 4 |a Việt Nam 
650 # 4 |a Văn học hiện đại 
852 # # |b Kho mượn  |j KM.0011722 
852 # # |b Kho đọc  |j KD.0005235 
852 # # |j KM.0011722  |j KD.0005235 
910 |d 05/05/2011 
980 # # |a Trung tâm Học liệu Lê Vũ Hùng, Trường Đại học Đồng Tháp